History Quiz

Random History or Country Quiz
Score 0/25 Timer 07:00
1 Play Today
% Correct
United States (Rosa Parks)
79.9%
Uganda (Idi Amin)
69.7%
Libya (Muammar Gaddafi)
69.5%
Australia (Cate Blanchett)
64.8%
Slovenia (Melania Trump)
59.8%
Romania (Nadia Comăneci)
55.6%
Czechia (Martina Navratilova)
55.1%
Uruguay (Luis Suárez)
54.7%
Syria (Bashar al-Assad)
53.3%
Georgia (Joseph Stalin)
51.8%
Dominican Republic (Sammy Sosa)
40.3%
Tanzania (Freddie Mercury)
36.4%
Venezuela (Miguel Cabrera)
34.5%
% Correct
United Kingdom (Agatha Christie)
33.8%
Monaco (Prince Albert II)
25.7%
Netherlands (Mata Hari)
25%
Taiwan (Ang Lee)
24.2%
Trinidad and Tobago (Nicki Minaj)
21.5%
France (Alexandre Dumas)
20.4%
Malaysia (Michelle Yeoh)
18.1%
Cameroon (Joel Embiid)
15.5%
Thailand (Tammy Duckworth)
14.6%
Peru (Alberto Fujimori)
12%
Liberia (Ellen Johnson Sirleaf)
11.6%
Denmark (Niels Bohr)
10.7%
Remove Ads.
Support Sporcle.
Get the best of Sporcle when you Go Orange. This ad-free experience offers more features, more stats, and more fun while also helping to support Sporcle. Thank you for becoming a member.

You're not logged in!

Compare scores with friends on all Sporcle quizzes.
OR
Log In

Show Comments

Extras

Top Quizzes Today


Score Distribution

Your Account Isn't Verified!

In order to create a playlist on Sporcle, you need to verify the email address you used during registration. Go to your Sporcle Settings to finish the process.

Report this User

Report this user for behavior that violates our Community Guidelines.

Details: